000 00563nam a2200193Ia 4500
005 20250923145336.0
008 008 250917s9999 xx 000 0 eng d
037 _aTextual
040 _aDSWL
_beng
_cDSWL
041 _aeng
_2eng
084 _aXobY,73'N7, N70
_qDSWL
245 0 _aSocial Economics for the 1970's
_c Ed.by George F. Rohrlich
260 _aNew York
_b Dunellen Pub. Co. Inc.
_c1970
300 _axv,189p.
365 _aINR
_b95 . 44
925 _g95 . 44
942 _cTEXL
_hXobY,73'N7, N70
999 _c1450212
_d1450212